000 01199nam a2200325 i 4500
003 DO-SdBNP
005 20260326132203.0
007 ta
008 250620b2010 dr ||||| |||| 00| 0 spa d
020 _a9789945881202
040 _aDO-SdBNP
_bspa
_cBNPHU
_erda
041 _aspa
082 4 _axxx
_bB467d
_222
100 1 _aBenito Sánchez, Ana Belén,
_eautor
_4aut.
_987352
245 1 0 _aDiagnóstico sobre la situación del sistema de partidos en la República Dominicana 2005 - 2010 /
_cAna Belén Benito Sánchez [y otros 4].
250 _aPrimera edición
264 _aSanto Domingo, República Dominicana :
_bCEGES/INTEC,
_bParticipacion Ciudadana,
_c2010.
300 _a69 páginas ;
_c25 cm.
336 _atexto
_btxt
_2rdacontent
337 _asin mediación
_bn
_2rdamedia
338 _avolumen
_bnc
_2rdacarrier
500 _aAnálisis del marco normativo y visión de los actores
504 _aBibliografía: páginas 65-68
590 _aInventariado, 2026 /LP
700 1 _aFigueiras Prim, Carmen Luisa
_eautor
_4aut.
_989270
700 1 _aLozano, Wilfredo,
_eautor
_4aut.
_981507
700 1 _aRosales Valladares, Rotsay
_eautor
_4aut.
_989271
910 _aLP
942 _2ddc
_cLBS1
999 _c59032
_d59032